Water properties in food, health, pharmaceutical and biological systems : (Record no. 138923)
[ view plain ]
| 000 -LEADER | |
|---|---|
| fixed length control field | 00909cam a2200265 a 4500 |
| 008 - FIXED-LENGTH DATA ELEMENTS--GENERAL INFORMATION | |
| fixed length control field | |
| 020 ## - INTERNATIONAL STANDARD BOOK NUMBER | |
| International Standard Book Number | 0813812739 (hbk.) |
| 049 ## - LOCAL HOLDINGS (OCLC) | |
| Holding library | MAIN |
| 090 0# - LOCALLY ASSIGNED LC-TYPE CALL NUMBER (OCLC); LOCAL CALL NUMBER (RLIN) | |
| Classification number (OCLC) (R) ; Classification number, CALL (RLIN) (NR) | TX553 |
| Local cutter number (OCLC) ; Book number/undivided call number, CALL (RLIN) | WAT |
| 003 - CONTROL NUMBER IDENTIFIER | |
| control field | |
| 005 - DATE AND TIME OF LATEST TRANSACTION | |
| control field | 20230123125303.0 |
| 040 ## - CATALOGING SOURCE | |
| Transcribing agency | NUST |
| 111 2# - MAIN ENTRY--MEETING NAME | |
| Meeting name or jurisdiction name as entry element | International Symposium on the Properties of Water |
| Number of part/section/meeting | (10th : |
| Date of meeting or treaty signing | 2007 : |
| Location of meeting | Bangkok, Thailand) |
| 245 10 - TITLE STATEMENT | |
| Title | Water properties in food, health, pharmaceutical and biological systems : |
| Remainder of title | ISOPOW 10 / |
| Statement of responsibility, etc. | edited by David S. Reid... [et al.] |
| 260 ## - PUBLICATION, DISTRIBUTION, ETC. | |
| Place of publication, distribution, etc. | Iowa : |
| Name of publisher, distributor, etc. | Wiley-Blackwell, |
| Date of publication, distribution, etc. | 2010. |
| 300 ## - PHYSICAL DESCRIPTION | |
| Extent | xxx, 771 p. : |
| Other physical details | ill. ; |
| Dimensions | 26 cm. |
| 500 ## - GENERAL NOTE | |
| General note | Includes index. |
| 504 ## - BIBLIOGRAPHY, ETC. NOTE | |
| Bibliography, etc. note | Includes bibliographical references. |
| 650 #0 - SUBJECT ADDED ENTRY--TOPICAL TERM | |
| Topical term or geographic name entry element | Food |
| General subdivision | Water activity |
| -- | Congresses. |
| 650 #0 - SUBJECT ADDED ENTRY--TOPICAL TERM | |
| Topical term or geographic name entry element | Moisture. |
| 650 #0 - SUBJECT ADDED ENTRY--TOPICAL TERM | |
| Topical term or geographic name entry element | Pharmaceutical chemistry. |
| 700 1# - ADDED ENTRY--PERSONAL NAME | |
| Personal name | Reid, David. |
| 907 ## - LOCAL DATA ELEMENT G, LDG (RLIN) | |
| a | .b10297650 |
| b | 11-07-11 |
| c | 06-06-11 |
| 942 ## - ADDED ENTRY ELEMENTS (KOHA) | |
| Koha item type | Ordinary Loan Books |
| Call number prefix | TX553 |
| Call number suffix | WAT |
| Date last seen | Total Checkouts | Full call number | Barcode | Cost, replacement price | Price effective from | Koha item type | Lost status | Source of classification or shelving scheme | Damaged status | Not for loan | Collection | Withdrawn status | Home library | Current library | Shelving location | Date acquired | Cost, normal purchase price |
|---|---|---|---|---|---|---|---|---|---|---|---|---|---|---|---|---|---|
| 01/23/2023 | TX553 WAT | 92004022209 | 80.00 | 01/23/2023 | BOOKS | LCC | NFIC | MAIN | MAIN | GEN | 01/23/2023 | 80.00 |